000 00528nam a22001577a 4500
005 20251108164146.0
008 250721s1986 xx 000 0 ara d
082 1 4 _a041/موس
100 1 _aماضي، أحمد
_eمشرف
245 1 0 _aالموسم الثقافي لكلية الآداب في العام الجامعي 1984/1985 /
264 1 _aعمان :
_bالجامعة الأردنية كلية الآداب،
_c1986.
300 _a344ص.
650 1 7 _aالمقالات العربية
942 _2ddc
_cBK
999 _c5108
_d5108